Ciudades más pobladas de Países Bajos - Estadísticas

Estadísticas generales
  • Esta prueba ha sido intentada 68 veces
  • La puntuación promedio es 6 de 14
Estadísticas de respuestas
Población Ciudad % Correcto
921,402 Amsterdam
100%
664,311 Róterdam
90%
549,163 La Haya
84%
374,411 Utrecht
70%
235,691 Eindhoven
64%
238,147 Groningen
43%
184,716 Breda
36%
162,914 Haarlem
23%
164,096 Arnhem
13%
160,383 Enschede
13%
221,947 Tilburg
13%
179,073 Nijmegen
10%
218,096 Almere
8%
165,648 Apeldoorn
3%
No se encontraron pruebas coincidentes
Distribución de puntuación
Porcentaje de gente con cada puntuación
Porcentaje por número respondido
Historial de tus puntuaciones
No has intentado esta prueba.